1193 1486 1402 1707 1079 1617 1949 1824 1003 1509 1149 1393 1466 1632 1255 1190 1842 1119 1108 1429 1705 1264 1212 1123 1084 1102 1449 1558 1029 1045 1495 1734 1912 1581 1680 1208 1056 1037 1561 1484 1794 1879 1081 1158 1628 1396 1439 1459 1984 1371 1049 1047 1051 1374 1247 1257 1443 1283 1573 1636 1646 1323 1162 1435 1822 1809 1385 1978 1942 1047 1208 1229 1440 1176 1955 1214 1844 1685 1319 1152 1927 1012 1818 1747 1341 1948 1098 1202 1690 1552 1190 1245 1302 1041 1050 1764 1153 1288 1767 BCNSPRNW ULIB Ver.6.0+V

เปลี่ยนเป็นภาษาไทย

Change to English
 แสดงรายละเอียดบรรณานุกรม
  กลับหน้าหลัก

Brief Record : Get Marc (ISO 2709) : E-mail record : QR code < ปิดหน้าต่าง
LEADER : 00000nam 2200000uu 4500
001    13399128505
003     ULIB
008    230830s2562||||th 000 0 tha d
020    ^a9786164859340
050  4 ^aZA3060^bท668ห
100 0  ^aเทอดศักดิ์ ไม้เท้าทอง
245 10 ^aแหล่งข้อมูลเพื่อการศึกษา ค้นคว้าและวิจัย /^cโดย เทอดศักดิ์ ไม้เท้าทอง
250    ^aพิมพ์ครั้งที่ 1
260    ^aพระนครศรีอยุธยา :^bไพบูลย์พิพัฒน์,^c2562
300    ^a126 หน้า :^bภาพประกอบ ;^c21 ซม.
505 0  ^aหนังสือ -- วารสาร -- ทรัพยากรอ้างอิง -- งานวิจัยและวิทยานิพนธ์ --สิทธิบัตรและเอกสารมาตรฐาน -- โปรแกรมค้นหาเว็บ
650  4 ^aแหล่งสารสนเทศ
650  4 ^aการค้นคืนสารสนเทศ
650  4 ^aสารสนเทศ^xแหล่งข้อมูล
650  4 ^aการค้นหาทางอินเทอร์เน็ต
945    ^p150^l0^i010270
945    ^p150^l0^i010271
999    ^aประนอม เกษจรัล
รายการนี้ยังไม่มีแท็ก
คุณยังไม่ได้ล็อกอิน คุณสามารถมีกิจกรรมร่วมกับเว็บไซต์ได้ แต่ต้องล็อกอินก่อน ::
  ล็อกอิน

รายการสื่อสารสนเทศ

ลำดับที่ ประเภท เลขเรียก/บาร์โค้ด สถานที่ สถานะ
1. การศึกษาทั่วไป
หนังสือสำรอง
สถานะ=หนังสือสำรอง
ZA3060 ท668ห ฉ.1 
  Barcode: 010270
ห้องสมุดวิทยาเขตสวรรค์ประชารักษ์
►หนังสือทั่วไป
บนชั้น
2. การศึกษาทั่วไป
การศึกษาทั่วไป
ZA3060 ท668ห ฉ.2 
  Barcode: 010271
ห้องสมุดวิทยาเขตสวรรค์ประชารักษ์
►หนังสือทั่วไป
บนชั้น

รายการใกล้เคียง
    ผู้แต่ง [เทอดศักดิ์ ไม้เท้าทอง]

    หัวเรื่อง [แหล่งสารสนเทศ]
    หัวเรื่อง [การค้นคืนสารสนเทศ]
    หัวเรื่อง [การค้นหาทางอินเทอร์เน็ต]

BibComment


ยังไม่เคยถูกคอมเมนท์

คอมเมนท์ทรัพยากรรายการนี้
  คอมเมนท์: แหล่งข้อมูลเพื่อ..


 Copyright 2026. Bcnsprnw @Library